00455nam a22001217a 4500008004100000050001300041245012600054260006300180300001700243800002700260800002000287800002600307160907b xxu||||| |||| 00| 0 eng d a564/2009 aThe effects of job satisfaction om employee performance. /cTetteh Dianh Naa Kai, Bisue Agenlina and Yeboah Asante Diana. aAccra:bWisconsin International University College,c2009. avarious pgs: aTetteh, Dianh Naa Kai. aBisue, Agelina. aYeboah, Asante Diana.